[Event "Semiahmoo op"]
[Site "White Rock CAN"]
[Date "2018.08.06"]
[Round "5.4"]
[White "Doknjas, Neil"]
[Black "Patterson, Roger"]
[Result "1/2-1/2"]
[WhiteElo "1989"]
[BlackElo "2027"]
[PlyCount "40"]
[EventDate "2018.08.04"]
[EventType "swiss"]
[EventRounds "6"]
[EventCountry "CAN"]

1. e4 e5 2. Nf3 Nc6 3. d4 exd4 4. Nxd4 Bc5 5. Be3 Qf6 6. c3 Nge7 7. Bc4 Bb6 8.
O-O O-O 9. Na3 Ne5 10. Be2 Qg6 11. f3 d5 12. Qc2 dxe4 13. Qxe4 Qxe4 14. fxe4
Bg4 15. Bxg4 Nxg4 16. Nc4 Nxe3 17. Nxe3 Rfe8 18. Nc4 Ng6 19. Nxb6 axb6 20. Rfe1
Ne5 1/2-1/2

[Event "Semiahmoo op"]
[Site "White Rock CAN"]
[Date "2018.08.06"]
[Round "5.5"]
[White "Ferguson, Peter"]
[Black "Cheng, Louis"]
[Result "0-1"]
[WhiteElo "2067"]
[BlackElo "2140"]
[PlyCount "62"]
[EventDate "2018.08.04"]
[EventType "swiss"]
[EventRounds "6"]
[EventCountry "CAN"]

1. e4 c5 2. Nf3 d6 3. d4 cxd4 4. Nxd4 Nf6 5. Bd3 h6 6. Nc3 Nc6 7. Be3 Ng4 8.
Nf5 Nxe3 9. Nxe3 g6 10. Qd2 Bg7 11. O-O Qa5 12. a3 Bxc3 13. bxc3 O-O 14. Rab1
Kg7 15. Rb5 Qd8 16. a4 b6 17. Bc4 Ba6 18. Rh5 Bxc4 19. Rxh6 Be6 20. f4 Kxh6 21.
f5 Kg7 22. Ng4 Rh8 23. fxe6 f6 24. Qf2 Ne5 25. Ne3 Qg8 26. Nf5+ gxf5 27. exf5
Kf8 28. Qd4 Rc8 29. a5 Rc4 30. Qd5 Qg5 31. g3 Qe3+ 0-1

[Event "Semiahmoo op"]
[Site "White Rock CAN"]
[Date "2018.08.06"]
[Round "5.6"]
[White "Salcedo, Daniel E"]
[Black "Hemstapat, Andrew"]
[Result "0-1"]
[WhiteElo "1999"]
[BlackElo "2225"]
[PlyCount "78"]
[EventDate "2018.08.04"]
[EventType "swiss"]
[EventRounds "6"]
[EventCountry "CAN"]

1. d4 Nf6 2. c4 g6 3. Nc3 Bg7 4. e4 d6 5. Nf3 O-O 6. Be2 e5 7. d5 a5 8. Bg5 Na6
9. Nd2 Qe8 10. a3 Bd7 11. b3 h6 12. Be3 Nh7 13. g4 Nc5 14. Nf1 f5 15. gxf5 gxf5
16. Rg1 Kh8 17. Bh5 Qe7 18. Rg6 Rf6 19. Bxc5 dxc5 20. Qd2 Raa6 21. Rxf6 Nxf6
22. Bf3 Rb6 23. Qc2 Ne8 24. exf5 e4 25. Bxe4 Bxf5 26. Ng3 Bg4 27. Kf1 Qe5 28.
Rc1 Rf6 29. Bg2 Nd6 30. Re1 Qf4 31. Nce4 Rf8 32. h3 Bf5 33. Qd2 Qxd2 34. Nxd2
Bc3 35. Ke2 Bg6 36. Rf1 Re8+ 37. Kd1 a4 38. bxa4 Bd3 39. Rg1 Bd4 0-1

[Event "Semiahmoo op"]
[Site "White Rock CAN"]
[Date "2018.08.06"]
[Round "5.7"]
[White "Lehingrat, Callum"]
[Black "Landingin, Jofrei"]
[Result "1-0"]
[WhiteElo "1982"]
[BlackElo "1816"]
[PlyCount "55"]
[EventDate "2018.08.04"]
[EventType "swiss"]
[EventRounds "6"]
[EventCountry "CAN"]

1. d4 g6 2. c4 Bg7 3. Nc3 c5 4. d5 e5 5. e4 d6 6. g3 a6 7. Bg2 Qa5 8. Bd2 Qc7
9. Nge2 Bg4 10. h3 Bd7 11. a4 b6 12. O-O Qc8 13. Kh2 h5 14. Qb3 Qc7 15. a5 bxa5
16. Na4 Bxa4 17. Qxa4+ Qd7 18. Qxa5 Ra7 19. b4 cxb4 20. Rfb1 Rb7 21. Bxb4 Nf6
22. c5 dxc5 23. Bxc5 Bf8 24. Nc3 Rxb1 25. Rxb1 Bd6 26. Qb6 Bxc5 27. Qxb8+ Qd8
28. Qxd8+ 1-0

[Event "Semiahmoo op"]
[Site "White Rock CAN"]
[Date "2018.08.06"]
[Round "5.8"]
[White "Gu, Chuyang"]
[Black "Chung, Alec"]
[Result "1-0"]
[WhiteElo "1842"]
[BlackElo "1938"]
[PlyCount "78"]
[EventDate "2018.08.04"]
[EventType "swiss"]
[EventRounds "6"]
[EventCountry "CAN"]

1. e4 c5 2. Nf3 d6 3. d4 cxd4 4. Nxd4 Nf6 5. Nc3 a6 6. Bg5 e6 7. f4 Be7 8. Qf3
Nbd7 9. O-O-O h6 10. Bh4 Qc7 11. Be2 b5 12. Qg3 O-O 13. Bf3 b4 14. Nce2 Bb7 15.
e5 dxe5 16. fxe5 Nd5 17. Bxe7 Nxe7 18. Bxb7 Qxb7 19. Nf4 Rac8 20. Rhe1 Qc7 21.
Rd2 Nc5 22. Nh5 Ng6 23. h4 Rfd8 24. Nxg7 Na4 25. Ngxe6 Qc4 26. Qb3 fxe6 27. Qg3
Rxd4 28. Qxg6+ Kh8 29. Rxd4 Qxd4 30. Qxh6+ Kg8 31. Qxe6+ Kh7 32. Qxc8 Qxb2+ 33.
Kd2 Qd4+ 34. Ke2 Nc3+ 35. Kf1 Qf4+ 36. Kg1 Kg7 37. Qd7+ Kg8 38. Qe6+ Kh7 39.
Qe7+ Kg8 1-0

[Event "Semiahmoo op"]
[Site "White Rock CAN"]
[Date "2018.08.06"]
[Round "5.9"]
[White "Zheng, Victor"]
[Black "Ingram, Richard"]
[Result "1/2-1/2"]
[WhiteElo "1808"]
[BlackElo "1630"]
[PlyCount "74"]
[EventDate "2018.08.04"]
[EventType "swiss"]
[EventRounds "6"]
[EventCountry "CAN"]

1. Nf3 Nf6 2. g3 b6 3. Bg2 Bb7 4. O-O e6 5. c4 Be7 6. d4 O-O 7. Nc3 d6 8. Re1
Ne4 9. Qc2 Nxc3 10. Qxc3 f5 11. h4 Qd7 12. b4 Bf6 13. Bg5 a5 14. a3 Qe7 15.
Bxf6 Qxf6 16. c5 bxc5 17. bxc5 Bd5 18. Rab1 Nc6 19. e3 Rfb8 20. Nd2 Bxg2 21.
Kxg2 d5 22. Nf3 Qe7 23. Qd3 g6 24. Rxb8+ Rxb8 25. Rb1 Qe8 26. Rxb8 Qxb8 27. Qa6
Qe8 28. Ne5 Nxe5 29. dxe5 Kf7 30. Qxa5 Qc6 31. Kf1 d4 32. Qd2 Qb5+ 33. Kg2 d3
34. Kf1 Qb1+ 35. Qe1 Qb5 36. Qd2 Qb1+ 37. Qe1 Qb5 1/2-1/2

[Event "Semiahmoo op"]
[Site "White Rock CAN"]
[Date "2018.08.06"]
[Round "6.2"]
[White "Sanetullaev, Alisher"]
[Black "Doknjas, Neil"]
[Result "1-0"]
[WhiteElo "2147"]
[BlackElo "1989"]
[PlyCount "57"]
[EventDate "2018.08.04"]
[EventType "swiss"]
[EventRounds "6"]
[EventCountry "CAN"]

1. d4 d5 2. c4 e6 3. Nc3 Nf6 4. Bg5 Be7 5. Nf3 O-O 6. e3 h6 7. Bf4 b6 8. cxd5
Nxd5 9. Nxd5 exd5 10. Bd3 c5 11. Rc1 Bg4 12. Bb1 Bxf3 13. gxf3 Nc6 14. Rg1 Kh8
15. Qd3 f5 16. Qf1 Bd6 17. Qg2 g5 18. Qh3 Kg7 19. Bxd6 Qxd6 20. Bxf5 Qf6 21.
Bb1 cxd4 22. Rxc6 Qxc6 23. Rxg5+ Kh8 24. Bg6 Qc1+ 25. Ke2 Qxb2+ 26. Kf1 Kg7 27.
Qd7+ Kf6 28. Qd6+ Kxg5 29. h4+ 1-0

[Event "Semiahmoo op"]
[Site "White Rock CAN"]
[Date "2018.08.06"]
[Round "6.3"]
[White "Cheng, Louis"]
[Black "Gu, Chuyang"]
[Result "1-0"]
[WhiteElo "2140"]
[BlackElo "1842"]
[PlyCount "51"]
[EventDate "2018.08.04"]
[EventType "swiss"]
[EventRounds "6"]
[EventCountry "CAN"]

1. d4 Nf6 2. c4 e6 3. Nf3 b6 4. Nc3 Bb7 5. Bg5 d5 6. e3 Be7 7. Qc2 Nbd7 8. cxd5
exd5 9. Bd3 c5 10. O-O O-O 11. Rad1 Rc8 12. dxc5 Rxc5 13. Nd4 Ne4 14. Bxe4 dxe4
15. Bxe7 Qxe7 16. Qa4 Ra5 17. Nf5 Rxf5 18. Rxd7 Qh4 19. Rxb7 Rh5 20. h3 f5 21.
Ne2 Qg5 22. Nf4 Rh6 23. Qc4+ Kh8 24. Ne6 Rxe6 25. Qxe6 f4 26. Qe7 1-0

[Event "Semiahmoo op"]
[Site "White Rock CAN"]
[Date "2018.08.06"]
[Round "6.4"]
[White "Hemstapat, Andrew"]
[Black "Tian, Sherry"]
[Result "1-0"]
[WhiteElo "2225"]
[BlackElo "2028"]
[PlyCount "77"]
[EventDate "2018.08.04"]
[EventType "swiss"]
[EventRounds "6"]
[EventCountry "CAN"]

1. e4 e6 2. Nf3 d5 3. Nc3 dxe4 4. Nxe4 Nd7 5. d4 Ngf6 6. Bd3 Nxe4 7. Bxe4 Nf6
8. Bd3 c5 9. Be3 Qb6 10. O-O Bd7 11. Re1 Be7 12. dxc5 Bxc5 13. Bxc5 Qxc5 14.
Qd2 O-O 15. Re5 Qe7 16. Rae1 Rad8 17. Nd4 Qd6 18. Qf4 Bc6 19. c3 Qc7 20. Qh4
Rd5 21. f4 Qb6 22. b3 Rfd8 23. R1e3 Rxd4 24. cxd4 Qxd4 25. Kh1 h5 26. h3 Qa1+
27. Kh2 Qd1 28. Be2 Qd2 29. Bf3 Bxf3 30. Rxf3 Rc8 31. Rg3 Rc3 32. Reg5 Rxg3 33.
Qxg3 Ne8 34. Rxh5 Qxa2 35. Qh4 f5 36. Rh8+ Kf7 37. Qh5+ g6 38. Qh7+ Ng7 39.
Qg8+ 1-0

[Event "Semiahmoo op"]
[Site "White Rock CAN"]
[Date "2018.08.06"]
[Round "6.5"]
[White "Chandra, Anand Rishi"]
[Black "Li, James"]
[Result "0-1"]
[WhiteElo "2092"]
[BlackElo "2003"]
[PlyCount "84"]
[EventDate "2018.08.04"]
[EventType "swiss"]
[EventRounds "6"]
[EventCountry "CAN"]

1. e4 c5 2. Nf3 d6 3. d4 cxd4 4. Nxd4 Nf6 5. Nc3 a6 6. f3 e5 7. Nb3 Be6 8. Be3
Be7 9. Qd2 O-O 10. g4 a5 11. Bb5 d5 12. exd5 Nxd5 13. Nxd5 Bh4+ 14. Bf2 Bxf2+
15. Qxf2 Qxd5 16. Bd3 a4 17. Nd2 a3 18. b3 Nc6 19. O-O Nb4 20. Be4 Qd7 21. c3
Nd5 22. Rac1 Nf4 23. Qe3 Rfd8 24. Rcd1 Qe7 25. Kh1 Ra6 26. Rg1 Rad6 27. Bc2 Bd5
28. Ne4 Bxe4 29. Qxe4 g6 30. Rxd6 Qxd6 31. Qe1 Qd2 32. Bb1 f6 33. Qxd2 Rxd2 34.
c4 Kf7 35. c5 Ke6 36. Be4 Rxa2 37. Bxb7 Rb2 38. Rd1 a2 39. Be4 f5 40. gxf5+
gxf5 41. c6 fxe4 42. c7 Rc2 0-1

[Event "Semiahmoo op"]
[Site "White Rock CAN"]
[Date "2018.08.06"]
[Round "6.6"]
[White "Zheng, Maven"]
[Black "Lehingrat, Callum"]
[Result "1/2-1/2"]
[WhiteElo "1932"]
[BlackElo "1982"]
[PlyCount "31"]
[EventDate "2018.08.04"]
[EventType "swiss"]
[EventRounds "6"]
[EventCountry "CAN"]

1. d4 Nf6 2. c4 e6 3. Nf3 c5 4. e3 Be7 5. Nc3 cxd4 6. exd4 d5 7. Bf4 O-O 8. Rc1
b6 9. Bd3 Bb7 10. O-O Nc6 11. h3 Rc8 12. cxd5 Nxd5 13. Nxd5 Qxd5 14. Bc4 Qe4
15. Be3 Rfd8 16. Re1 1/2-1/2

[Event "Semiahmoo op"]
[Site "White Rock CAN"]
[Date "2018.08.06"]
[Round "6.7"]
[White "Ferguson, Peter"]
[Black "Salcedo, Daniel E"]
[Result "0-1"]
[WhiteElo "2067"]
[BlackElo "1999"]
[PlyCount "82"]
[EventDate "2018.08.04"]
[EventType "swiss"]
[EventRounds "6"]
[EventCountry "CAN"]

1. d4 Nf6 2. Bg5 c5 3. d5 Qb6 4. Bxf6 gxf6 5. Qc1 Bh6 6. e3 d6 7. Bd3 f5 8. Nd2
e5 9. dxe6 fxe6 10. Nc4 Qc7 11. Qd1 O-O 12. Qh5 Bg7 13. c3 d5 14. Nd2 Nd7 15.
Ne2 Nf6 16. Qh3 Ng4 17. f3 Nxe3 18. g4 c4 19. Bb1 Qb6 20. gxf5 exf5 21. Rg1 Rf6
22. Qh5 Bd7 23. Nd4 Re8 24. Ke2 Nc2+ 25. Qxe8+ Bxe8 26. Bxc2 Bd7 27. Rg5 Rg6
28. Rag1 Rxg5 29. Rxg5 h6 30. Rg3 Qxb2 31. f4 Kf8 32. N2f3 Qxc3 33. Ne5 Qxd4
34. Nxd7+ Kf7 35. Bxf5 Qb2+ 36. Kf3 Qxa2 37. Bg6+ Ke7 38. Bf5 Qb2 39. Nc5 Qa3+
40. Kg2 Qxc5 41. Rxg7+ Kf6 0-1

[Event "Semiahmoo op"]
[Site "White Rock CAN"]
[Date "2018.08.06"]
[Round "6.8"]
[White "Ingram, Richard"]
[Black "Landingin, Jofrei"]
[Result "1-0"]
[WhiteElo "1630"]
[BlackElo "1816"]
[PlyCount "79"]
[EventDate "2018.08.04"]
[EventType "swiss"]
[EventRounds "6"]
[EventCountry "CAN"]

1. e4 g6 2. d4 Bg7 3. Nf3 d6 4. c3 Nf6 5. Bd3 O-O 6. O-O e5 7. Re1 Bg4 8. Nbd2
exd4 9. cxd4 Nc6 10. h3 Bd7 11. a3 Re8 12. Bc4 h6 13. b4 a6 14. Qb3 Rf8 15. Bb2
b5 16. Bd3 Kh7 17. Rac1 Nh5 18. e5 Nf4 19. Be4 Qc8 20. Bxc6 Bxh3 21. Nh2 Qf5
22. Be4 Qg5 23. Qg3 d5 24. Bxd5 Rad8 25. Ndf3 Qxg3 26. fxg3 Nxg2 27. Ng5+ hxg5
28. Bxg2 Bxg2 29. Kxg2 Rd7 30. Nf3 g4 31. Ng5+ Kg8 32. Rc6 Re8 33. Ne4 Kf8 34.
Nf6 Bxf6 35. Rxf6 a5 36. e6 Rde7 37. d5 axb4 38. Rh1 bxa3 39. Rh8+ Kg7 40.
Rxf7# 1-0

[Event "Semiahmoo op"]
[Site "White Rock CAN"]
[Date "2018.08.06"]
[Round "6.9"]
[White "Zheng, Victor"]
[Black "Chung, Alec"]
[Result "1/2-1/2"]
[WhiteElo "1808"]
[BlackElo "1938"]
[PlyCount "61"]
[EventDate "2018.08.04"]
[EventType "swiss"]
[EventRounds "6"]
[EventCountry "CAN"]

1. Nf3 Nf6 2. g3 g6 3. Bg2 Bg7 4. O-O O-O 5. d4 d5 6. c4 c6 7. Nbd2 Bf5 8. b3
Nbd7 9. Bb2 a5 10. Nh4 Re8 11. cxd5 cxd5 12. Nxf5 gxf5 13. e3 a4 14. Ba3 axb3
15. axb3 e5 16. Bh3 Ne4 17. Bxf5 Nc3 18. Qc2 Rc8 19. Bc5 exd4 20. Bxh7+ Kh8 21.
b4 b6 22. Qf5 Nf6 23. Bxd4 Ne2+ 24. Kg2 Nxd4 25. exd4 Nxh7 26. Qxf7 Rf8 27. Qh5
Bxd4 28. Ra7 Rc7 29. Rxc7 Qxc7 30. Qxd5 Bc3 31. Ne4 1/2-1/2

[Event "Sherbrooke op"]
[Site "Sherbrooke CAN"]
[Date "2018.05.26"]
[Round "3"]
[White "Hebert, Jean"]
[Black "Javidfard, Amirsalar"]
[Result "1-0"]
[WhiteElo "2427"]
[BlackElo "2192"]
[PlyCount "55"]
[EventDate "2018.05.25"]
[EventType "swiss"]
[EventRounds "5"]
[EventCountry "CAN"]
[TimeControl "600+5"]

1. Nf3 Nf6 2. c4 e6 3. g3 d5 4. b3 c5 5. Bg2 Nc6 6. O-O Be7 7. e3 d4 8. exd4
cxd4 9. d3 Nd7 10. a3 a5 11. Ra2 O-O 12. Re2 Qb6 13. Nbd2 h6 14. Rfe1 Rd8 15.
g4 Nf8 16. Ne4 Ng6 17. g5 hxg5 18. Nexg5 e5 19. Nxe5 Ncxe5 20. Rxe5 Nxe5 21.
Rxe5 Qc7 22. Qe2 Bxg5 23. Bxg5 Rf8 24. Re7 Qc5 25. Bd5 Bf5 26. Qe5 Be6 27. Rxe6
Qxa3 28. Rg6 1-0

[Event "Sherbrooke op"]
[Site "Sherbrooke CAN"]
[Date "2018.05.26"]
[Round "3"]
[White "Mercure, Gilbert"]
[Black "Durette, Francis"]
[Result "0-1"]
[WhiteElo "1903"]
[BlackElo "2089"]
[PlyCount "82"]
[EventDate "2018.05.25"]
[EventType "swiss"]
[EventRounds "5"]
[EventCountry "CAN"]

1. e4 d6 2. d4 g6 3. Nc3 Bg7 4. f4 Nf6 5. e5 dxe5 6. dxe5 Qxd1+ 7. Kxd1 Ng4 8.
Ke1 c6 9. h3 Nh6 10. g4 Be6 11. Rh2 Nd7 12. Be3 f6 13. exf6 exf6 14. Rd2 O-O-O
15. Ne4 Bd5 16. Nc3 Be6 17. Be2 Rhe8 18. Kf2 Nb6 19. Rad1 Rxd2 20. Rxd2 Kc7 21.
Bxb6+ axb6 22. Bf3 f5 23. Kg3 Bxc3 24. bxc3 Bxa2 25. Ne2 Bc4 26. Kh4 Re3 27.
Ng1 fxg4 28. hxg4 Nf7 29. g5 Nd6 30. Bg4 Rxc3 31. Nf3 Bd5 32. Nd4 Re3 33. Re2
Rxe2 34. Nxe2 c5 35. Nc3 Bc6 36. Be6 b5 37. Bg8 b4 38. Bxh7 bxc3 39. Bxg6 Kd7
40. f5 Be4 41. Kg4 Bxc2 0-1

[Event "Sherbrooke op"]
[Site "Sherbrooke CAN"]
[Date "2018.05.27"]
[Round "5"]
[White "Mercure, Gilbert"]
[Black "Ouellet, Maili-Jade"]
[Result "0-1"]
[WhiteElo "1903"]
[BlackElo "2327"]
[PlyCount "92"]
[EventDate "2018.05.25"]
[EventType "swiss"]
[EventRounds "5"]
[EventCountry "CAN"]

1. e4 c5 2. d4 cxd4 3. c3 d3 4. Bxd3 g6 5. f4 Bg7 6. Be3 d6 7. Nf3 Nd7 8. Bd4
e5 9. fxe5 dxe5 10. Be3 Ne7 11. Bb5 O-O 12. O-O Qc7 13. b4 Nf6 14. Nbd2 Ng4 15.
Bc5 b6 16. Bxe7 Qxe7 17. Qe2 Bb7 18. h3 Nf6 19. Ba6 Nh5 20. Bxb7 Qxb7 21. Kh2
Nf4 22. Qe3 Rad8 23. g3 Rd3 24. Qf2 Ne6 25. Rac1 Rfd8 26. Rc2 Qc7 27. c4 Bh6
28. Nb3 Re3 29. c5 Rxe4 30. cxb6 Qxb6 31. Nc5 Be3 32. Qg2 Rxb4 33. Nxe6 Qxe6
34. Re1 Bd4 35. Qe2 Qf5 36. Rf1 Qxc2 37. Qxc2 Rb2 38. Qxb2 Bxb2 39. Rf2 Bc3 40.
Rc2 Rd3 41. Kg2 e4 42. Ng5 f5 43. Rc1 Be5 44. g4 Rd2+ 45. Kf1 e3 46. Nf3 Rf2+
0-1

[Event "Special Hiver Rotation-1"]
[Site "Gatineau CAN"]
[Date "2018.02.06"]
[Round "1"]
[White "Berthiaume, Serge"]
[Black "Guimond, Michel"]
[Result "0-1"]
[WhiteElo "1454"]
[BlackElo "1905"]
[PlyCount "43"]
[EventDate "2018.02.06"]
[EventType "tourn"]
[EventRounds "5"]
[EventCountry "CAN"]

1. e4 e6 2. d4 d5 3. e5 c5 4. Nf3 cxd4 5. Bd3 Nc6 6. O-O Nge7 7. Re1 Ng6 8. a3
Qc7 9. Qd2 Be7 10. b4 a6 11. Bxg6 hxg6 12. Qd3 Bd7 13. Nbd2 Bxb4 14. Bb2 Bc3
15. Bxc3 dxc3 16. Qxc3 Rc8 17. Nb3 Rh5 18. g4 Nxe5 19. Qxc7 Nxf3+ 20. Kf1 Rxc7
21. gxh5 Nxe1 22. Kxe1 0-1

[Event "Special Hiver Rotation-1"]
[Site "Gatineau CAN"]
[Date "2018.02.06"]
[Round "1"]
[White "Jobin, Gilles G"]
[Black "Desjardins, Michel"]
[Result "0-1"]
[WhiteElo "1823"]
[BlackElo "1936"]
[PlyCount "54"]
[EventDate "2018.02.06"]
[EventType "tourn"]
[EventRounds "5"]
[EventCountry "CAN"]

1. e4 d5 2. exd5 Qxd5 3. Nc3 Qd6 4. d4 Nf6 5. f3 Nc6 6. Nge2 Bf5 7. Bf4 Qd7 8.
g4 Bg6 9. h4 h6 10. Nb5 Nd5 11. c3 Nxf4 12. Nxf4 Bh7 13. Bd3 Bxd3 14. Qxd3 a6
15. Na3 O-O-O 16. Qe3 e5 17. dxe5 Nxe5 18. O-O Nc6 19. Qe2 Bc5+ 20. Kg2 Rhe8
21. Qd1 Qd2+ 22. Qxd2 Rxd2+ 23. Kh3 Bd6 24. Ng2 Ree2 25. Rg1 Ne5 26. Nf4 Rh2+
27. Kg3 Nd3 0-1

[Event "Special Hiver Rotation-1"]
[Site "Gatineau CAN"]
[Date "2018.02.06"]
[Round "1"]
[White "Rioux, Jocelyn"]
[Black "Raymond, Daniel"]
[Result "1-0"]
[WhiteElo "1597"]
[BlackElo "1797"]
[PlyCount "69"]
[EventDate "2018.02.06"]
[EventType "tourn"]
[EventRounds "5"]
[EventCountry "CAN"]

1. e4 c5 2. Nf3 d6 3. d4 cxd4 4. Nxd4 Nf6 5. Nc3 g6 6. Be3 Bg7 7. f3 O-O 8. Qd2
Nc6 9. Bc4 Bd7 10. O-O-O a6 11. Bb3 Na5 12. Kb1 Re8 13. g4 Nxb3 14. Nxb3 b5 15.
h4 b4 16. Ne2 a5 17. e5 a4 18. Nbc1 Be6 19. exf6 Bxf6 20. g5 Bg7 21. Bd4 b3 22.
cxb3 axb3 23. a3 Bxd4 24. Nxd4 Bd5 25. Rh3 Qc7 26. Ncxb3 Reb8 27. Qd3 Qd7 28.
Rhh1 Qb7 29. Rc1 Bxb3 30. Nxb3 Qxb3 31. Rc8+ Kg7 32. Qxb3 Rxb3 33. Rxa8 Rxf3
34. Rc1 e5 35. Rcc8 1-0

[Event "Special Hiver Rotation-1"]
[Site "Gatineau CAN"]
[Date "2018.02.13"]
[Round "2"]
[White "Guimond, Michel"]
[Black "Jobin, Gilles G"]
[Result "1/2-1/2"]
[WhiteElo "1905"]
[BlackElo "1823"]
[PlyCount "104"]
[EventDate "2018.02.06"]
[EventType "tourn"]
[EventRounds "5"]
[EventCountry "CAN"]

1. e4 d6 2. d4 Nf6 3. Nc3 e5 4. d5 c6 5. f3 Nbd7 6. Be3 Be7 7. Qd2 c5 8. a4 h6
9. g4 Nh7 10. Nge2 h5 11. Ng3 hxg4 12. fxg4 Bh4 13. O-O-O Ndf6 14. Bb5+ Kf8 15.
Nf5 Nxg4 16. Nxh4 Qxh4 17. Kb1 Nxe3 18. Qxe3 Nf6 19. Be2 Nh5 20. Bxh5 Rxh5 21.
Rdf1 Bh3 22. Rf2 Qg5 23. Qe1 Rh4 24. Rg1 Qh6 25. Nb5 Ke7 26. Qa5 b6 27. Qe1 Rf4
28. Re2 Rg4 29. Re3 Rxg1 30. Qxg1 Bd7 31. Nc3 Rh8 32. Re2 f6 33. Rg2 g5 34. Rf2
Qf8 35. Qf1 Rh4 36. Qa6 Qb8 37. Qf1 Rf4 38. b3 Rxf2 39. Qxf2 Qh8 40. Ne2 Qh3
41. Ng3 Qh8 42. Nf5+ Bxf5 43. Qxf5 Kd8 44. Qe6 Qf8 45. Kb2 Kc7 46. Kc3 Qg7 47.
h3 Qf8 48. Kc4 Qd8 49. c3 a6 50. Kd3 Qd7 51. Qxf6 Qxh3+ 52. Kc4 Qh7 1/2-1/2

[Event "Special Hiver Rotation-1"]
[Site "Gatineau CAN"]
[Date "2018.02.13"]
[Round "2"]
[White "Raymond, Daniel"]
[Black "Desjardins, Michel"]
[Result "1/2-1/2"]
[WhiteElo "1797"]
[BlackElo "1936"]
[PlyCount "67"]
[EventDate "2018.02.06"]
[EventType "tourn"]
[EventRounds "5"]
[EventCountry "CAN"]

1. e4 d5 2. exd5 Qxd5 3. Nc3 Qd6 4. d4 Nf6 5. Nf3 c6 6. Ne5 Nbd7 7. Nc4 Qc7 8.
Qf3 Nb6 9. Ne5 Nbd7 10. Bf4 Qa5 11. Nc4 Qh5 12. Be2 Qxf3 13. Bxf3 e6 14. Nd6+
Bxd6 15. Bxd6 Nb6 16. b3 Bd7 17. O-O Nc8 18. Bb4 Nd5 19. Nxd5 cxd5 20. Rfe1 Bc6
21. c4 Nb6 22. Rac1 Kd7 23. a4 dxc4 24. Bxc6+ bxc6 25. a5 Nd5 26. Rxc4 Rhb8 27.
Bc5 Rxb3 28. g3 a6 29. Kg2 Rab8 30. Rec1 R8b7 31. Bf8 Rc7 32. Bxg7 Rb2 33. R1c2
Rxc2 34. Rxc2 1/2-1/2

[Event "Special Hiver Rotation-1"]
[Site "Gatineau CAN"]
[Date "2018.02.13"]
[Round "2"]
[White "Rioux, Jocelyn"]
[Black "Berthiaume, Serge"]
[Result "1-0"]
[WhiteElo "1597"]
[BlackElo "1454"]
[PlyCount "61"]
[EventDate "2018.02.06"]
[EventType "tourn"]
[EventRounds "5"]
[EventCountry "CAN"]

1. e4 Nc6 2. Nf3 e5 3. Bc4 Bc5 4. d3 h6 5. O-O d6 6. c3 Bg4 7. Qb3 Be6 8. Bxe6
fxe6 9. Qxe6+ Qe7 10. Qg6+ Qf7 11. Qxf7+ Kxf7 12. Be3 Nf6 13. Nbd2 Bxe3 14.
fxe3 Ke6 15. d4 d5 16. exd5+ Nxd5 17. Rae1 Rae8 18. e4 Nf4 19. d5+ Nxd5 20.
exd5+ Kxd5 21. Re4 b5 22. Rfe1 Rhf8 23. c4+ bxc4 24. Nxc4 Nd4 25. Nxd4 exd4 26.
Rxe8 Rf6 27. Nd2 c5 28. R1e5+ Kc6 29. R8e6+ Rxe6 30. Rxe6+ Kd5 31. Re7 1-0

[Event "Special Hiver Rotation-1"]
[Site "Gatineau CAN"]
[Date "2018.02.20"]
[Round "3"]
[White "Berthiaume, Serge"]
[Black "Raymond, Daniel"]
[Result "1-0"]
[WhiteElo "1454"]
[BlackElo "1797"]
[PlyCount "70"]
[EventDate "2018.02.06"]
[EventType "tourn"]
[EventRounds "5"]
[EventCountry "CAN"]

1. e4 c5 2. Nc3 Nc6 3. Bb5 Nf6 4. Nf3 a6 5. Bxc6 bxc6 6. d3 e6 7. e5 Nd5 8. Ne4
d6 9. exd6 Bxd6 10. O-O Be7 11. Ne5 Qc7 12. f4 O-O 13. b3 Rd8 14. Qh5 Nf6 15.
Nxf6+ Bxf6 16. Bb2 g6 17. Qf3 Bb7 18. Rae1 a5 19. Ba3 a4 20. Bxc5 axb3 21. axb3
Ra2 22. Re2 Rd5 23. b4 Ra3 24. Rfe1 Be7 25. Qf2 Bxc5 26. bxc5 Rc3 27. d4 Bc8
28. Re3 Rxe3 29. Qxe3 f6 30. Nc4 Rf5 31. Nd6 Rd5 32. c4 Rh5 33. Qa3 Bd7 34. Rb1
f5 35. Qa8+ Bc8 1-0

[Event "Special Hiver Rotation-1"]
[Site "Gatineau CAN"]
[Date "2018.02.20"]
[Round "3"]
[White "Desjardins, Michel"]
[Black "Guimond, Michel"]
[Result "1/2-1/2"]
[WhiteElo "1936"]
[BlackElo "1905"]
[PlyCount "58"]
[EventDate "2018.02.06"]
[EventType "tourn"]
[EventRounds "5"]
[EventCountry "CAN"]

1. e4 e6 2. d4 d5 3. Nd2 Nf6 4. e5 Ng8 5. Bd3 c5 6. c3 Nc6 7. Ne2 Bd7 8. Nf3 h6
9. O-O c4 10. Bc2 Qc7 11. b3 Na5 12. b4 Nc6 13. a4 a5 14. b5 Na7 15. h4 b6 16.
h5 O-O-O 17. Bf4 g6 18. hxg6 fxg6 19. Bxg6 Be8 20. Bxe8 Rxe8 21. g3 Qg7 22. Kg2
Ne7 23. Nh4 Ng6 24. Nxg6 Qxg6 25. Qb1 Qg7 26. Rh1 h5 27. Rh3 h4 28. Qc2 Be7 29.
Rah1 Reg8 1/2-1/2

[Event "Special Hiver Rotation-1"]
[Site "Gatineau CAN"]
[Date "2018.02.13"]
[Round "3"]
[White "Jobin, Gilles G"]
[Black "Rioux, Jocelyn"]
[Result "1-0"]
[WhiteElo "1923"]
[BlackElo "1597"]
[PlyCount "69"]
[EventDate "2018.02.06"]
[EventType "tourn"]
[EventRounds "5"]
[EventCountry "CAN"]

1. e4 e6 2. b3 d5 3. Bb2 dxe4 4. Nc3 Nf6 5. Qe2 Be7 6. Nxe4 Nc6 7. O-O-O O-O 8.
Nf3 a5 9. a4 b6 10. Nxf6+ Bxf6 11. Qe4 Bxb2+ 12. Kxb2 Bb7 13. Bd3 g6 14. Bb5
Qd5 15. Qh4 Qd8 16. Qg3 Nd4 17. Nxd4 Qxd4+ 18. c3 Qc5 19. h4 h5 20. Rhe1 Kg7
21. Re5 Qd6 22. f4 f5 23. Be2 Rh8 24. d4 Be4 25. c4 c6 26. c5 bxc5 27. dxc5 Qe7
28. Rd6 Bd5 29. Bf3 Rad8 30. Bxd5 Rxd6 31. cxd6 Qxd6 32. Rxe6 Qd7 33. Qxg6+ Kf8
34. Rf6+ Ke7 35. Rf7+ 1-0

[Event "Special Hiver Rotation-1"]
[Site "Gatineau CAN"]
[Date "2018.02.27"]
[Round "4"]
[White "Berthiaume, Serge"]
[Black "Jobin, Gilles G"]
[Result "0-1"]
[WhiteElo "1454"]
[BlackElo "1823"]
[PlyCount "80"]
[EventDate "2018.02.06"]
[EventType "tourn"]
[EventRounds "5"]
[EventCountry "CAN"]

1. e4 d6 2. d4 Nf6 3. Nc3 e5 4. dxe5 dxe5 5. Qxd8+ Kxd8 6. Bc4 Be6 7. Bxe6 fxe6
8. Nf3 Nbd7 9. Ng5 Ke7 10. Nb5 h6 11. Nxc7 hxg5 12. Nxa8 Kd6 13. f3 g4 14. Be3
Be7 15. Nb6 Nxb6 16. O-O-O+ Kc6 17. b3 gxf3 18. gxf3 Rh3 19. Rdg1 Rxf3 20. Rxg7
Ba3+ 21. Kd2 Nxe4+ 22. Ke2 Rh3 23. Rg6 Nd5 24. Bd2 Nxd2 25. Kxd2 Bb4+ 26. Kc1
Nf4 27. Rg4 Bc3 28. Kd1 Rh7 29. Rg3 Rd7+ 30. Rd3 Nxd3 31. cxd3 Rxd3+ 32. Kc2
Rh3 33. Rd1 Bd4 34. Rd2 Kd5 35. Rg2 b5 36. Kd2 e4 37. Ke2 Be5 38. Rg8 Rxh2+ 39.
Kd1 Rxa2 40. Rd8+ Bd6 0-1